000 01591nam a2200301Ia 4500
999 _c55054
_d55054
001 22129
003 GE_BSU
005 20221115110851.0
008 181216s ||||ge |||||||||||||| ||geo||
020 _a9789941213113
040 _cGE_BSU
041 _ageo
080 _a791.228(73) უ-50
245 _aუოლტ დისნეი = Walt Disney :
_b [ამერიკელი მულტიპლიკატორი] ბიზნესის გენია ტ. 3 /
_cშემდგ. ნათია დოლიძე ; მთ. რედ. ნინო დეკანოსიძე.
264 _aთბილისი :
_bპალიტრა L,
_c2013.
300 _a88 გვ. :
_bფოტ. ;
_c20 სმ.
490 _aბიზნესის გენია 2298-0989
_v ტ. 3
501 _aგამოყენებული ფოტომასალა გვ. : 86-87
541 _h3ლ.75თ.
653 _aამერიკელი ანიმატორები
653 _aუოლტ დისნეი = Walt Disney
653 _a [ამერიკელი მულტიპლიკატორი] ბიზნესის გენია ტ. 3
653 _aხელოვნება
653 _aმასობრივი გასართობი წარმოდგენები
700 _aდოლიძე, ნათია
_eშემდგენელი
_915808
700 _aდეკანოსიძე, ნინო
_eმთავარი რედაქტორი
_915790
942 _cBK
_2udc